Les pays d'Asie de plus de 50 millions d'habitants - Mort subite - Statistiques

Statistiques générales
  • Ce quiz a été pris 76 fois
    71 depuis la dernière actualisation
  • Le résultat moyen est 9 sur 13
Answers on the Grid
Answers color-coded by a green-red scale on the quiz's grid according to % correct below.
Chine
Inde
Turquie
Iran
Viêtnam
Birmanie
Thaïlande
Indonésie
Pakistan
Bangladesh
Japon
Philippines
Corée du Sud
Soudan
Irak
Yémen
Ouzbékistan
Afghanistan
Kazakhstan
Soudan
Tanzanie
Arabie saoudite
Laos
Cambodge
Corée du Nord
Mongolie
Taïwan
 
Statistiques - réponses
Réponse % Correct
Inde
84%
Bangladesh
82%
Indonésie
82%
Chine
77%
Japon
77%
Pakistan
77%
Turquie
73%
Viêtnam
73%
Iran
70%
Philippines
66%
Thaïlande
64%
Corée du Sud
55%
Birmanie
34%
Aucun quiz correspondant
Distribution des résultats
% des personnes avec chaque résultat
Percentile par nombre de réponses
Votre historique - résultats
Vous n’avez pas pris ce quiz depuis la dernière actualisation